000 00488nam a22001937a 4500
001 0003641
003 DO-SdBNP
005 20160616152135.0
007 0003641
008 160616b 1989 nyu xxu||||| |||| 00| 0 spa d
020 _a 0440227534
040 _aBPMSU
_bspa
_cBPMSU
092 _axxxxx
_bxxxxx
100 _aLowry, Lois
245 1 0 _aNumber the stars /
_c Lois Lowry.
260 _aNew York :
_c1989.
942 _2ddc
_cBK
956 _2LOPEREZ
_310
_620160616
_8BPMSU
_a00041
999 _c10421
_d10421